MARC

LEADER 00000nas a2200000 a 4500
001 ssj0002468
003 WaSeSS
005 20200512172242.0
006 m d
007 cr n
008 980414c19489999sz qr pss 0 0eng c
010 |a  2004221964 
015 |a GBB351246  |2 bnb 
016 7 |a 014689933  |2 Uk 
022 |a 1758-6623  |y 0013-0796 
035 |a (WaSeSS)ssj0002468 
040 |a FGA  |b eng  |c FGA  |d OCL  |d OCLCQ  |d ATL  |d OCL  |d ATL  |d OCLCE  |d OCLCQ  |d OCLCF  |d OCLCQ  |d WT2  |d OCLCO  |d NLE  |d OCLCQ  |d WYU  |d UKMGB  |d VT2  |d OCLCQ  |d U3W  |d MUX  |d FIE  |d OCLCA  |d NJT  |d RDF  |d OCLCO  |d UHL  |d OCLCO  |d SFB  |d WaSeSS 
042 |a pcc 
050 4 |a BX1  |b .E3 
130 0 |a Ecumenical review (Online) 
245 1 4 |a The Ecumenical review  |h [electronic resource]. 
260 |a Geneva :  |b World Council of Churches 
310 |a Quarterly 
362 1 |a Began with vol. 1, no. 1 in autumn 1948. 
506 |a License restrictions may limit access. 
538 |a Mode of access: World Wide Web. 
550 |a The quarterly of the World Council of Churches. 
588 |a Description based on: Vol. 1, no. 1 (autumn 1948); title from cover (ATLASerials, viewed Jan. 14, 2009). 
588 |a Latest issue consulted: Vol. 70, no. 4 (December 2018) (Wiley Online Library, viewed April 4, 2019). 
650 0 |a Ecumenical movement  |v Periodicals. 
650 7 |a Ecumenical movement.  |2 fast  |0 (OCoLC)fst00902390 
650 7 |a Ökumenische Bewegung  |2 gnd 
650 7 |a Zeitschrift  |2 gnd 
650 1 7 |a Oecumene.  |2 gtt 
650 0 7 |a Ökumenische Bewegung.  |2 swd 
650 0 7 |a Zeitschrift.  |2 swd 
653 0 |a Philosophy and religion 
655 0 |a Electronic journals. 
710 2 |a World Council of Churches. 
776 0 8 |i Microfilm version:  |t Ecumenical review  |w (OCoLC)3554967 
776 0 8 |i Print version:  |t Ecumenical review  |x 0013-0796  |w (DLC) 51032992  |w (OCoLC)1567448 
780 0 5 |t Christendom  |g winter 1949 
856 4 0 |z Full text available from Research Library: 01/01/1994 to 10/31/2008  |u https://search.proquest.com/publication/41812